| 000 | 00838nam a2200217Ia 4500 | ||
|---|---|---|---|
| 005 | 20241129110925.0 | ||
| 008 | 241129s9999||||xx |||||||||||||| ||und|| | ||
| 020 | _a978-93-85600-28-9 | ||
| 037 | _aTB | ||
| 040 |
_aCRL _bhin _cCRL |
||
| 041 |
_ahin _2hin |
||
| 084 |
_aO152:g(P) Q6 _qCRL |
||
| 100 | _aनामदेव, संपा. | ||
| 245 | 0 |
_aआधुनिक भारतीय भाषा: हिन्दी गद्य: उद्भव और विकास _cनामदेव, संपा. |
|
| 260 |
_aदिल्ली, भारत _bअक्षर पब्लिशर्स एण्ड डिस्ट्रीब्यूटर्स _c2017 |
||
| 300 | _a216पृ0 | ||
| 365 |
_aINR _b150 |
||
| 650 |
_aHindi Literature _923866 |
||
| 942 |
_cTB _hO152:g(P) Q6 |
||
| 999 |
_c1228117 _d1228117 |
||